| 000 | 00705nam a2200205Ia 4500 | ||
|---|---|---|---|
| 003 | GCL | ||
| 008 | 140319s9999 xx 000 0 ara d | ||
| 040 |
_aGCL / _cGCL |
||
| 082 | 0 | 4 |
_a330.121 _bع ع |
| 100 | 1 | _aعبدالحميد براهيمى | |
| 245 | 1 | 0 |
_aالعدالة الاجتماعية والتنمية فى الاقتصاد الاسلامى / _cعبدالحميد براهيمى |
| 300 | _a211 ص | ||
| 490 |
_aمركز دراسات الوحده العربية _v0 |
||
| 650 | 0 | 4 | _aالاقتصاد الاسلامى |
| 650 | 0 | 4 | _aالزكاة |
| 650 | 0 | 4 | _aالتنمية الاقتصادية |
| 650 | 0 | 4 | _aالفقر |
| 650 | 0 | 4 | _aالعدالة الاجتماعية |
| 942 |
_2ddc _cBK |
||
| 999 |
_c50932 _d50932 |
||